Bienestar Animal (Record no. 935)

MARC details
000 -LEADER
campo de control de longitud fija 00896nam a22002297a 4500
008 - DATOS DE LONGITUD FIJA--INFORMACIÓN GENERAL
campo de control de longitud fija 160603b xxu||||| |||| 00| 0 eng d
082 ## - NÚMERO DE LA CLASIFICACIÓN DECIMAL DEWEY
Número de clasificación 700.457
Número de ítem M491b
100 ## - ENTRADA PRINCIPAL--NOMBRE DE PERSONA
Nombre de persona Antonio Medina
9 (RLIN) 5125
110 ## - ENTRADA PRINCIPAL--NOMBRE DE ENTIDAD CORPORATIVA
Nombre de entidad corporativa o nombre de jurisdicción como elemento de entrada Cooperativa Cráter Invertido (editorial Cráneo invertido)
9 (RLIN) 5126
245 ## - MENCIÓN DEL TÍTULO
Título Bienestar Animal
Mención de responsabilidad, etc. Antonio Medina
260 ## - PUBLICACIÓN, DISTRIBUCIÓN, ETC.
Lugar de publicación, distribución, etc. Mexico
Nombre del editor, distribuidor, etc. Cooperativa Cráter Invertido (editorial Cráneo invertido)
Fecha de publicación, distribución, etc. 2014
300 ## - DESCRIPCIÓN FÍSICA
Extensión 96 pag
Otras características físicas ill
Dimensiones 21 cm
505 ## - NOTA DE CONTENIDO CON FORMATO
Título Introducción
-- A lo lejos, un relampago
-- La naturaleza del amor
-- Caminar Sobre un abismo
-- Translated Texts
600 ## - PUNTO DE ACCESO ADICIONAL DE MATERIA--NOMBRE DE PERSONA
Nombre de persona Antonio Medina
9 (RLIN) 5127
650 ## - PUNTO DE ACCESO ADICIONAL DE MATERIA--TÉRMINO DE MATERIA
Término de materia o nombre geográfico como elemento de entrada Crater Invertido
9 (RLIN) 5128
653 ## - TÉRMINO DE INDIZACIÓN--NO CONTROLADO
Término no controlado Critica e interpretación
653 ## - TÉRMINO DE INDIZACIÓN--NO CONTROLADO
Término no controlado Bienestar animal
653 ## - TÉRMINO DE INDIZACIÓN--NO CONTROLADO
Término no controlado Lenguaje - limites
653 ## - TÉRMINO DE INDIZACIÓN--NO CONTROLADO
Término no controlado Animales-Politicas
700 ## - ENTRADA AGREGADA--NOMBRE PERSONAL
Nombre de persona Antonio Medina
9 (RLIN) 5129
710 ## - ENTRADA AGREGADA--NOMBRE DE ENTIDAD CORPORATIVA
Nombre de entidad corporativa o nombre de jurisdicción como elemento de entrada Cooperativa Cráter Invertido (editorial Cráneo invertido)
9 (RLIN) 5130
Holdings
Estatus retirado Estado de pérdida Fuente del sistema de clasificación o colocación Estado de daño No para préstamo Biblioteca de origen Biblioteca actual Ubicación en estantería Fecha de adquisición Total de préstamos Signatura topográfica completa Código de barras Visto por última vez Precio de reemplazo Tipo de ítem Koha
    Clasificación Decimal Dewey     Biblioteca LadoV Biblioteca LadoV   03/06/2016   700.457 M491b 004167 03/06/2016 03/06/2016 Material 01